000 00498 a2200193 4500
005 20260423143001.0
008 260423b |||||||| |||| 00| 0 eng d
020 _a9789393585646
_cRs. 1895.00
040 _aMAIN
082 _a327.51
_bS15C
100 _aShakir, Muhammad
245 _aChina and Pakistan relations
260 _bRights Publications
_c2025
_aDelhi
300 _avi, 212
650 _aInternational Relations
650 _aForeign Relations
650 _aChina
942 _cBK
999 _c395561
_d395561